000 00725nam a22002177a 4500
003 OSt
008 250906b |||||||| |||| 00| 0 eng d
020 _a9789355405524
082 _a630.76
_bT36O
100 _aThavaprakaash, N.
245 _aObjective Agronomy : for aspirants of ICAR and civil services examinations /
_cby N. Thavaprakaash and K. Velayudham
250 _a2nd revised and enlarged ed. reprint
260 _a.- Ludhiana
_b: Kalyani Publishers
_c, 2025
300 _a(1.1 - 17.9; A-1 - A-91)p.
650 _aTechnology (Applied Sciences)
650 _aAgriculture and Related Technologies
650 _aAgronomy
650 _aQuestions and Answers
700 _aVelayudham, K.
942 _2ddc
_cRFB
_02
999 _c48903
_d48903